000 01788nam a2200385 i 4500
001 1442
003 Mx-PuUPA
005 20250613151857.0
008 140415s1964 mx gr 001 0 spa d
020 _a9681602854
040 _aMx-PuUPA
_bspa
_cMx-PuUPA
_dMx-PuUPA
_erda
041 1 _aspa
_hger
100 1 _aWeber, Max,
_d1864-1920
_92065
_eautor
240 1 0 _aWirtschaft und Gesellschaft. Grundriss der Verstehenden Soziologie.
_lEspañol.
245 1 0 _aEconomía y sociedad :
_besbozo de sociología comprensiva /
_cMax Weber ; edición preparada por Johannes Winckelmann ; nota preliminar de José Medina Echavarría ; traducción de José Medina Echavarría, Juan Roura Parella, Eugenio Imaz, Eduardo García Máynez y José Ferrater Mora
250 _aSegunda edición /
_ben español de la cuarta en alemán
264 1 _aMéxico, D.F. :
_bFondo de Cultura Económica,
_c1964 ;
_c©1996
300 _a2 volúmenes ;
_c24 cm
336 _2rdacontent
_atexto
_btxt
337 _2rdamedia
_asin medio
_bn
338 _2rdacarrier
_avolumen
_bnc
490 0 _aSección de Obras de Sociología
500 _aReimpresiones: (primera reimpresión, 1969 ; décima reimpresión, 1996)
650 7 _aEconomía
_xSociología
_2armarc
700 1 _aWinckelmann, Johannes,
_eeditor
700 1 _aMedina Echavarría, José,
_eautor de nota preliminar
_etraductor
700 1 _aRoura Parella,
_eJuan
700 1 _aÍmaz, Eugenio,
_etraductor
700 1 _aGarcía Máynez, Eduardo,
_etraductor
700 1 _aFerrater Mora, José,
_etraductor
765 0 _aWeber, Max
_tWirtschaft und Gesellschaft. Grundriss der Verstehenden Soziologie
_dTubinga : J.C.B. Mohr (Paul Siebeck), ©1922
942 _2ddc
_cLI
_h306.3
_iW3618
999 _c1442
_d1442